<?xml version="1.0" encoding="UTF-8"?>
<marc:record xmlns:marc="http://www.loc.gov/MARC21/slim">
   <marc:leader>00000nam a2200000 a 4500</marc:leader>
   <marc:datafield ind1="1" ind2=" " tag="100">
      <marc:subfield code="a">Schami, Rafik</marc:subfield>
      <marc:subfield code="4">aut</marc:subfield>
      <marc:subfield code="e">Verfasser/-in</marc:subfield>
   </marc:datafield>
   <marc:datafield ind1="1" ind2=" " tag="100">
      <marc:subfield code="a">Leeb, Root</marc:subfield>
   </marc:datafield>
   <marc:datafield ind1=" " ind2=" " tag="653">
      <marc:subfield code="a">Damaskus / Schauplatz</marc:subfield>
   </marc:datafield>
   <marc:datafield ind1="0" ind2="0" tag="245">
      <marc:subfield code="a">Der Fliegenmelker</marc:subfield>
   </marc:datafield>
   <marc:datafield ind1="0" ind2="0" tag="245">
      <marc:subfield code="b">Geschichten aus Damaskus</marc:subfield>
   </marc:datafield>
   <marc:datafield ind1="0" ind2="0" tag="245">
      <marc:subfield code="c">Rafik Schami. Illustriert von Root Leeb</marc:subfield>
   </marc:datafield>
   <marc:datafield ind1=" " ind2="1" tag="264">
      <marc:subfield code="a">Augsburg</marc:subfield>
      <marc:subfield code="b">Weltbild Verlag</marc:subfield>
      <marc:subfield code="c">1997</marc:subfield>
   </marc:datafield>
   <marc:datafield ind1=" " ind2=" " tag="250">
      <marc:subfield code="a">Lizenzausgabe</marc:subfield>
   </marc:datafield>
   <marc:datafield ind1="1" ind2=" " tag="520">
      <marc:subfield code="a">Rafik Schami entführt den Leser ins Damaskus der fünfziger Jahre, wo er als Bäckerssohn im Christenviertel aufwuchs. Autobiographische und märchenhafte Elemente verbinden sich in diesen Geschichten auf wunderbare Weise.#Inhalt:#- Als Gott noch Großmutter war#- Kebab ist Kultur#- Der Wald und das Streichholz#- Als der Angstmacher Angst bekam#- Ein ehrlicher Handel#- Hände aus Feuer#- Nüsse oder Paradies - das ist hier die Frage#- Bukra, der König der Zukunft#- Mein Vater und sein Radio#- Eine Kugel macht nie einen Bogen#- Nuh, mein Freund#- Der Tag wird kommen#- Der Fliegenmelker</marc:subfield>
   </marc:datafield>
   <marc:datafield ind1=" " ind2=" " tag="020">
      <marc:subfield code="a">9783896042064</marc:subfield>
      <marc:subfield code="9">9783896042064</marc:subfield>
   </marc:datafield>
   <marc:datafield ind1=" " ind2=" " tag="041">
      <marc:subfield code="a">ger</marc:subfield>
   </marc:datafield>
   <marc:datafield ind1=" " ind2=" " tag="300">
      <marc:subfield code="a">185 Seiten</marc:subfield>
   </marc:datafield>
</marc:record>
